Esportes olímpicos onde o Brasil consquistou medalhas - Statistics

Estatísticas Gerais
  • Esse quiz foi jogado 105 vezes
  • A pontuação média é 16 de 19
Estatísticas das Respostas
Atleta(s) em Destaque Número de Medalhas Resposta % Correto
Marta e Neymar 2 ouros 6 pratas 2 bronzes Futebol
99%
Rebeca Andrade 3 ouros 5 pratas 2 bronzes Ginástica Artística
99%
Rayssa Leal e Kelvin Hoefler 3 pratas 2 bronzes Skate
98%
Thaísa e Bruninho 5 ouros 4 pratas 3 bronzes Vôlei
98%
Rafaela Silva e Rafael "Baby" 5 ouros 4 pratas 19 bronzes Judô
96%
Ana Marcela Cunha 1 ouro 1 bronze Maratona Aquática
96%
Cesar Cielo e Gustavo Borges 1 ouro 4 pratas 10 bronzes Natação
96%
Adhemar da Silva e Thiago Braz 5 ouros 4 pratas 12 bronzes Atletismo
92%
Hortência 1 prata 4 bronzes Basquete
90%
Isaquias Queiroz 1 ouro 3 pratas 1 bronze Canoagem
88%
Italo Ferreira e Tati Weston-Webb 1 ouro 1 prata 1 bronze Surfe
88%
Robert Scheidt e Torben Grael 8 ouros 3 pratas 8 bronzes Vela
88%
Emanuel Rego e Ana Patrícia 4 ouros 7 pratas 3 bronzes Vôlei de Praia
87%
Beatriz Ferreira 2 ouros 2 pratas 5 bronzes Boxe
83%
Laura Pigossi e Luisa Stefani 1 bronze Tênis
83%
Rodrigo Pessoa 1 ouro 2 bronzes Hipismo
68%
Guilherme Paraense 1 ouro 2 pratas 1 bronze Tiro
64%
Netinho 3 bronzes Taekwondo
58%
Yane Marques 1 bronze Pentatlo
46%
Nenhum quiz correspondente encontrado
Distribuição das Pontuações
Porcentagem de Pessoas com Cada Pontuação
Percentil de Números Respondidos
Sua Pontuação Histórica
Você não jogou esse quiz